00375nam a2200145Ia 4500008004100000020001500041041000800056082001700064100003600081245005100117250000600168260003100174300001500205650000900220210716s1998 xx 000 0 und d a8176351415 aeng a621.399 KAKP aKakert, Paul; Kalwick, David J. aSams teach yourself 3d studio max 2 in 14days. a1 aNew DelhibTechmediac1998 axiv,464,28 aNone